Problémy nezamestnanosti v Európskej únii Príloha Hospodárskych novín

Prvoradá dôležitosť problému vysokej miery nezamestnanosti v krajinách Európskej únie v súčasnosti. Vývoj miery nezamestnanosti v perc. Postupné výsledky prijatých nápravných opatrení.

Gespeichert in:
Bibliographische Detailangaben
1. Verfasser: Oberhauser, Ján Artur
Format: Buchkapitel
Sprache:Slowakisch
Schlagworte:
Tags: Tag hinzufügen
Keine Tags, Fügen Sie das erste Tag hinzu!

MARC

LEADER 00000naa a2200000 4500
001 r026756
005 20230824091429.4
041 0 |a slo 
044 |a SK 
245 1 0 |a Problémy nezamestnanosti v Európskej únii  |b Príloha Hospodárskych novín  |c Ján Artur Oberhauser 
520 |a Prvoradá dôležitosť problému vysokej miery nezamestnanosti v krajinách Európskej únie v súčasnosti. Vývoj miery nezamestnanosti v perc. Postupné výsledky prijatých nápravných opatrení. 
610 2 0 |a Európska únia 
610 2 0 |a 1994-1996 
610 2 0 |a 1997 
610 2 0 |a nezamestnanosť 
610 2 0 |a miera nezamestnanosti 
100 1 |a Oberhauser, Ján Artur